Baby Names starting with SA- Quiz Stats

 Plays Quiz not verified by Sporcle

Score 0/75 Timer 10:00
0 Plays Today
Year Name % Correct
1895Sam
98.6%
1925Sam
98.6%
1955Sam
98.6%
1985Sam
98.6%
1895Sarah
95.5%
1895Sara
95.5%
1925Sarah
95.5%
1925Sara
95.5%
1955Sarah
95.5%
1955Sara
95.5%
1985Sarah
95.5%
1985Sara
95.5%
2015Sarah
95.5%
2015Sara
95.5%
1895Samuel
95.2%
1925Samuel
95.2%
1955Samuel
95.2%
1985Samuel
95.2%
2015Samuel
95.2%
1895Sallie
94.8%
1895Sally
94.8%
1925Sally
94.8%
1925Sallie
94.8%
1955Sally
94.8%
1955Sallie
94.8%
1985Sally
94.8%
1985Samantha
90%
2015Samantha
90%
1925Sandra
86.6%
1955Sandra
86.6%
1985Sandra
86.6%
1895Sandy
86.1%
1955Sandy
86.1%
1955Sandy
86.1%
1985Sandy
86.1%
1895Sammie
85%
1925Sammie
85%
1925Sammy
85%
Year Name % Correct
1955Sammy
85%
1955Sammie
85%
1895Sadie
84.1%
1895Sadye
84.1%
1925Sadie
84.1%
2015Sadie
84.1%
1955Sabrina
61.6%
1985Sabrina
61.6%
2015Sabrina
61.6%
1985Sasha
57.8%
2015Sasha
57.8%
2015Sawyer
56.7%
2015Sawyer
56.7%
1895Savannah
56.1%
1985Savannah
56.1%
2015Savannah
56.1%
2015Savanna
56.1%
1895Saul
52.9%
1925Saul
52.9%
1985Saul
52.9%
2015Saul
52.9%
2015Sage
49.7%
1925Salvatore
37.9%
1955Salvatore
37.9%
1985Salvatore
37.9%
1925Salvador
34.2%
1955Salvador
34.2%
1985Salvador
34.2%
1895Sabina
28.3%
1895Santiago
21.8%
2015Santiago
21.8%
1985Sade
19.4%
1895Sanford
17.7%
1925Sanford
17.7%
1955Sanford
17.7%
1925Santos
17.6%
2015Sarai
13.5%

You're not logged in!

Compare scores with friends on all Sporcle quizzes.
OR
Log In

Show Comments

Extras

Top Quizzes Today


Score Distribution

Your Account Isn't Verified!

In order to create a playlist on Sporcle, you need to verify the email address you used during registration. Go to your Sporcle Settings to finish the process.

Report this User

Report this user for behavior that violates our Community Guidelines.

Details: